Le système d'information durable : (Record no. 54627)
[ view plain ]
| 000 -LEADER | |
|---|---|
| fixed length control field | 00836nam a22002297a 4500 |
| 007 - PHYSICAL DESCRIPTION FIXED FIELD--GENERAL INFORMATION | |
| fixed length control field | 00 |
| 008 - FIXED-LENGTH DATA ELEMENTS--GENERAL INFORMATION | |
| fixed length control field | 160620b xxu||||| |||| 00| 0 eng d |
| 020 ## - INTERNATIONAL STANDARD BOOK NUMBER | |
| International Standard Book Number | 978-2-7462-1829-1 |
| 040 ## - CATALOGING SOURCE | |
| Original cataloging agency | BUAC |
| Transcribing agency | BUC |
| 041 ## - LANGUAGE CODE | |
| Language code of text/sound track or separate title | Fre. |
| 100 ## - MAIN ENTRY--PERSONAL NAME | |
| Personal name | Bonnet, Pierre |
| 245 ## - TITLE STATEMENT | |
| Title | Le système d'information durable : |
| Remainder of title | la refonte progressive du SI avec SOA |
| Statement of responsibility, etc | / par Pierre Bonnet, Jean-Michel Detavernier, Dominique Vauquier |
| 260 ## - PUBLICATION, DISTRIBUTION, ETC. (IMPRINT) | |
| Place of publication, distribution, etc | Paris : |
| Name of publisher, distributor, etc | Lavoisier, |
| Date of publication, distribution, etc | 2008 |
| 300 ## - PHYSICAL DESCRIPTION | |
| Extent | 313 p. |
| Dimensions | 23 cm. |
| 440 ## - SERIES STATEMENT/ADDED ENTRY--TITLE | |
| Title | (Collection Etudes et Logiciels Informatiques / dir. par Nicolas Manson) |
| 521 ## - TARGET AUDIENCE NOTE | |
| Target audience note | Compr. Bibliogr. à la fin de chaque chapitre du vol. <br/>Index : pp. (311 - 313) |
| 630 ## - SUBJECT ADDED ENTRY--UNIFORM TITLE | |
| Uniform title | SCIENCES APPLIQUEES |
| 650 ## - SUBJECT ADDED ENTRY--TOPICAL TERM | |
| Topical term or geographic name as entry element | Informatique : système |
| 9 (RLIN) | 19072 |
| 700 ## - ADDED ENTRY--PERSONAL NAME | |
| Personal name | Detavernier, Jean-Michel |
| 700 ## - ADDED ENTRY--PERSONAL NAME | |
| Personal name | Vauquier, Dominique |
| 942 ## - ADDED ENTRY ELEMENTS (KOHA) | |
| Item type | Libre Accès |
| Withdrawn status | Lost status | Damaged status | Not for loan | Location (home branch) | Sublocation or collection (holding branch) | Date acquired | Source of acquisition | Coded location qualifier | Koha issues (times borrowed) | Koha full call number | Piece designation (barcode) | Koha date last seen | Copy number | Price effective from | Koha item type | Shelving location |
|---|---|---|---|---|---|---|---|---|---|---|---|---|---|---|---|---|
| Bibliothèque Universitaire Centrale | Bibliothèque Universitaire Centrale | 11/06/2015 | Don ARES | 16/515 | 681.3 BON | 16-515BUC | 20/06/2016 | 1 | 20/06/2016 | Libre Accès | ||||||
| Bibliothèque Universitaire Centrale | Bibliothèque Universitaire Centrale | 17/07/2017 | Don ARES | 17/287 | 681.3 BON | 17-287Buc | 17/07/2017 | 2 | 17/07/2017 | Libre Accès |